00836nam a22002177a 45000010006000000050017000060080041000230200015000640400011000790820020000901000029001102450124001392500012002632600044002753000037003195000050003566000015004069420012004219990017004339520168004501354520260519092415.0260519b |||||||| |||| 00| 0 eng d a0130661848 aBSULIB 222a658.7 bBAL aBallou, Ronald H.926486 aBusiness logistics/ supply chain management: bplanning, organizing, and controlling the supply chaincRonald H. Ballou a5th ed. aNew Jersey:bUpper Saddle River,c2004. axxii, 789 P.:bcol. ill.;c23cm. aIncludes bibliographical references and index 2Management 2ddccBK c13545d13545 00102ddc4070absubbsucRBSd2026-05-19ePurchasedi33091l0o658.7 BALpbsu26050179r2026-05-19 09:26:00t001w2026-05-19yBKzMaterial available in hard copy